000 00354pab a2200145 454500
008 180718b1991 xxu||||| |||| 00| 0 eng d
100 _aMunshi, Surendra
245 _aSocial formation and the problem of change
260 _c1991
300 _a175-96
362 _aSummer
650 _aSocial Change
773 _aScience and Society
909 _a18741
999 _c18741
_d18741